Most Valuable Footballers in the World Beginning With Q, X, Y or Z - Statistics

General Stats
  • This quiz has been taken 36 times
  • The average score is 10 of 28
Answer Stats
# CMV Club Nat. Answer % Correct
1 €200.00m Barcelona 🇪🇸 Lamine Yamal
100%
2 €60.00m Arsenal 🇪🇸 Martin Zubimendi
82%
5 €50.00m Juventus 🇹🇷 Kenan Yıldız
64%
21 €12.00m Sunderland 🇨🇭 Granit Xhaka
61%
12 €20.00m Bayer Leverkusen 🏴󠁧󠁢󠁥󠁮󠁧󠁿 Jarell Quansah
61%
3 €55.00m Manchester United 🇫🇷 Leny Yoro
61%
12 €20.00m Nottingham Forest 🇺🇦 Oleksandr Zinchenko
57%
3 €55.00m Paris Saint-Germain 🇫🇷 Warren Zaïre-Emery
57%
7 €42.00m Paris Saint-Germain 🇺🇦 Ilya Zabarnyi
54%
8 €30.00m Manchester United 🇳🇱 Joshua Zirkzee
46%
11 €21.00m Galatasaray 🇹🇷 Barış Alper Yılmaz
39%
6 €45.00m Sporting Lisbon 🇵🇹 Geovany Quenda
39%
8 €30.00m AS Monaco 🇨🇭 Denis Zakaria
32%
10 €25.00m Juventus 🇽🇰 Edon Zhegrova
32%
12 €20.00m SS Lazio 🇮🇹 Mattia Zaccagni
25%
21 €12.00m Atalanta 🇵🇱 Nicola Zalewski
25%
21 €12.00m Nottingham Forest 🏴󠁧󠁢󠁥󠁮󠁧󠁿 Ryan Yates
25%
18 €15.00m Brentford 🇺🇦 Yegor Yarmolyuk
25%
21 €12.00m Udinese 🇮🇹 Nicolò Zaniolo
21%
15 €18.00m Sporting Braga 🇺🇾 Rodrigo Zalazar
21%
21 €12.00m Real Sociedad 🇪🇸 Igor Zubeldia
18%
20 €13.00m Union Berlin 🇦🇹 Leopold Querfeld
18%
21 €12.00m Celta Vigo 🇪🇸 Bryan Zaragoza
14%
15 €18.00m Sporting Lisbon 🇵🇹 Eduardo Quaresma
14%
21 €12.00m Al-Qadsiah 🇲🇽 Julián Quiñones
14%
18 €15.00m NEOM SC 🇫🇷 Nathan Zézé
14%
17 €17.00m Swansea City 🇨🇮 Malick Yalcouyé
11%
28 €11.00m Fenerbahce 🇹🇷 İsmail Yüksek
7%
No matching quizzes found
Score Distribution
Percent of People with Each Score
Percentile by Number Answered
Your Score History
You have not taken this quiz